Liczba medali Letnich Igrzysk Olimpijskich 1908 - Statystyki

Ogólne statystyki
  • Ten quiz został rozwiązany 18 razy
  • Średni wynik to 8 z 10
Statystyki odpowiedzi
Medale Złoto Srebro Brąz Reprezentacja % Poprawnych
13 3 5 5 Cesarstwo Niemieckie
100%
19 5 5 9 Francja
100%
47 23 12 12 Stany Zjednoczone
100%
16 3 3 10 Kanada
89%
146 56 51 39 Wielka Brytania
83%
25 8 6 11 Szwecja
67%
5 1 2 2 Australazja
61%
8 2 3 3 Norwegia
61%
9 3 4 2 Węgry
61%
8 1 5 2 Belgia
56%
Nie znaleziono quizów pasujących do podanych kryteriów
Rozkład punktacji
Procent ludzi z każdym wynikiem
Percentyl według liczby udzielonych odpowiedzi
Twoja historia wyników
Nie rozwiązałeś tego quizu